Hỏi đáp pháp luật về hòa giải ở cơ sở

Nội dung sách bao gồm: tìm hiểu chung về pháp lệnh về hoà giải ở cơ sở; phụ lục về: pháp lệnh về tổ chức và hoạt động hoà giải ở cỏ sở, nghi định số 160/1999/NĐ-CP ngày 18/10/1999 của Chính phủ qui định chi tiết một số điều của Pháp lẹ...

Deskribapen osoa

Gorde:
Xehetasun bibliografikoak
Formatua: Liburua
Hizkuntza:Undetermined
Argitaratua: Hà Nội Dân Trí 2010
Gaiak:
Etiketak: Etiketa erantsi
Etiketarik gabe, Izan zaitez lehena erregistro honi etiketa jartzen!
Thư viện lưu trữ: Trung tâm Học liệu Trường Đại học Cần Thơ
LEADER 01046nam a2200205Ia 4500
001 CTU_160965
008 210402s9999 xx 000 0 und d
020 |c 8000 
082 |a 347.59709 
082 |b H428 
245 0 |a Hỏi đáp pháp luật về hòa giải ở cơ sở 
245 0 |c Huy Thông (Biên soạn) 
260 |a Hà Nội 
260 |b Dân Trí 
260 |c 2010 
520 |a Nội dung sách bao gồm: tìm hiểu chung về pháp lệnh về hoà giải ở cơ sở; phụ lục về: pháp lệnh về tổ chức và hoạt động hoà giải ở cỏ sở, nghi định số 160/1999/NĐ-CP ngày 18/10/1999 của Chính phủ qui định chi tiết một số điều của Pháp lệnh về Tổ chức và hoạt động hoà giải ở cơ sở. 
650 |a Conciliation,Hoà giải cơ sở 
650 |z Vietnam,Việt Nam 
904 |i Thơ, Năm 
980 |a Trung tâm Học liệu Trường Đại học Cần Thơ